Loading...
Globalization: State and governance
| Main Author: | |
|---|---|
| Format: | Printed Book |
| Published: |
New Delhi
New Century publications
2014
|
| Subjects: |
| LEADER | 00442nam a22001337a 4500 | ||
|---|---|---|---|
| 020 | |a 9788177083828 | ||
| 082 | |a 337.1 |b SHA.G | ||
| 100 | |a Shaji Varkey | ||
| 245 | |a Globalization: State and governance | ||
| 260 | |a New Delhi |b New Century publications |c 2014 | ||
| 650 | |a Globalization | ||
| 942 | |c BK | ||
| 999 | |c 818 |d 818 | ||
| 952 | |0 0 |1 0 |4 0 |6 337_100000000000000_SHA_G |7 0 |8 NFIC |9 808 |a CAMPUS |b CAMPUS |d 2014-12-18 |l 0 |o 337.1 SHA.G |p 18869 |r 2014-12-18 |w 2014-12-18 |y BK | ||